[Event "TCh-TUR Super League 2015"]
[Site "Kocaeli TUR"]
[Date "2015.08.12"]
[Round "9.6"]
[White "Acar, Utku Cengiz"]
[Black "Gokerkan, Cem Kaan"]
[Result "1/2-1/2"]
[WhiteElo "1930"]
[BlackElo "2205"]
[WhiteTeam "Akdeniz Belediyesi Sports Club"]
[BlackTeam "Besiktas Jimnastik Kulubu"]
[WhiteFideId "6358900"]
[BlackFideId "6336760"]
[EventDate "2015.08.04"]

1. e4 c5 2. Nf3 d6 3. d4 cxd4 4. Nxd4 Nf6 5. Nc3 a6 6. Bg5 e6 7. f4 Be7 8. Qe2
h6 9. Bh4 Nxe4 10. Bxe7 Nxc3 11. Qc4 Kxe7 12. Qxc3 Re8 13. O-O-O Kf8 14. Nf3 Nc6
15. Qd3 d5 16. Qh7 Qf6 17. g3 Bd7 18. Re1 Rac8 19. Ne5 Nxe5 20. fxe5 Qf5 21.
Qxf5 exf5 22. Bd3 g6 23. Kd2 Re7 24. Re2 Re6 25. h4 Rce8 26. Rhe1 f6 27. exf6
Rxe2+ 28. Rxe2 Rxe2+ 29. Bxe2 Kf7 30. Ke3 Kxf6 31. Kd4 Bc6 32. Bf3 Ke6 33. b3 g5
34. hxg5 hxg5 35. a4 a5 36. c3 Kd6 37. Be2 f4 38. gxf4 gxf4 39. Bf3 b6 40. Bd1
Be8 41. b4 Bd7 42. bxa5 bxa5 43. Bb3 Be6 44. Bc2 Bg8 45. Bb1 Bf7 46. Bd3 Be8 47.
Bc2 f3 48. Ke3 Kc5 49. Bb3 Bc6 50. Kd3 Ba8 51. Ba2 Bb7 52. Ke3 Ba6 53. Kxf3 Bc4
54. Bb1 d4 55. cxd4+ Kxd4 56. Bg6 Bb3 57. Be8 Bd1+ 58. Kf2 Kd3 59. Bb5+ Kc3 60.
Ke3 Bc2 61. Be8 Bd1 62. Bd7 Kb4 63. Kd2 Bxa4 64. Kc1 1/2-1/2

[Event "TCh-TUR Super League 2015"]
[Site "Kocaeli TUR"]
[Date "2015.08.12"]
[Round "9.6"]
[White "Arda, Cagil Irmak"]
[Black "Temel, Burcu Melis"]
[Result "1-0"]
[WhiteTitle "WCM"]
[BlackTitle "WCM"]
[WhiteElo "1915"]
[BlackElo "1878"]
[WhiteTeam "Besiktas Jimnastik Kulubu"]
[BlackTeam "Akdeniz Belediyesi Sports Club"]
[WhiteFideId "6351700"]
[BlackFideId "6345492"]
[EventDate "2015.08.04"]

1. e4 Nf6 2. e5 Nd5 3. d4 d6 4. c4 Nb6 5. exd6 exd6 6. Nc3 Be7 7. Be2 O-O 8. Nf3
Bf6 9. b3 Bg4 10. Bb2 Nc6 11. Ne4 d5 12. Nxf6+ Qxf6 13. c5 Nd7 14. O-O Nxc5 15.
Ba3 Ne4 16. Bxf8 Nc3 17. Qd3 Nxe2+ 18. Qxe2 Rxf8 19. Qd3 Bxf3 20. Qxf3 Qxf3 21.
gxf3 Nxd4 22. Kg2 c6 23. Rfd1 Ne6 24. b4 g6 25. Kg3 Rd8 26. Rac1 Kg7 27. Rc2 d4
28. f4 Rd5 29. Re2 Kf6 30. Rc1 h6 31. a3 Ke7 32. Re5 Kd6 33. Rxd5+ Kxd5 34. f5
Ng5 35. fxg6 fxg6 36. f4 Ne4+ 37. Kf3 Nd2+ 38. Ke2 Nc4 39. Rg1 Ke4 40. Rxg6 d3+
41. Kd1 Ke3 42. Re6+ Kd4 43. Rxh6 Ne3+ 44. Kd2 Nc4+ 45. Kc1 Ke3 46. f5 d2+ 47.
Kc2 Nxa3+ 48. Kd1 Nc4 49. Rh3+ 1-0

[Event "TCh-TUR Super League 2015"]
[Site "Kocaeli TUR"]
[Date "2015.08.12"]
[Round "9.7"]
[White "Kuzubov, Yuriy"]
[Black "Yuksel, Atilla Koksal"]
[Result "1-0"]
[WhiteTitle "GM"]
[BlackTitle "CM"]
[WhiteElo "2638"]
[BlackElo "2103"]
[WhiteTeam "Tarsus Zeka Satranc Kulubu"]
[BlackTeam "Ankara Demirspor Kulubu"]
[WhiteFideId "14112906"]
[BlackFideId "6306667"]
[EventDate "2015.08.04"]

1. d4 e6 2. c4 b6 3. a3 Bb7 4. Nc3 f5 5. Nf3 Nf6 6. g3 g6 7. Bg2 Bg7 8. O-O O-O
9. d5 Na6 10. Bf4 Re8 11. Rc1 Nc5 12. b4 Nce4 13. dxe6 Rxe6 14. Nb5 d6 15. c5 a6
16. Nbd4 Re7 17. cxd6 Nxd6 18. Ng5 Bxg2 19. Kxg2 Qd7 20. Nc6 Ree8 21. Qb3+ Kh8
22. Ne5 Qe7 23. Nef7+ Nxf7 24. Nxf7+ Kg8 25. Ng5+ Kh8 26. Rxc7 Qf8 1-0

[Event "TCh-TUR Super League 2015"]
[Site "Kocaeli TUR"]
[Date "2015.08.12"]
[Round "9.7"]
[White "Severcan, Sedat Sabri"]
[Black "Mchedlishvili, Mikheil"]
[Result "0-1"]
[BlackTitle "GM"]
[WhiteElo "1819"]
[BlackElo "2605"]
[WhiteTeam "Ankara Demirspor Kulubu"]
[BlackTeam "Tarsus Zeka Satranc Kulubu"]
[WhiteFideId "6351395"]
[BlackFideId "13600966"]
[EventDate "2015.08.04"]

1. d4 Nf6 2. c4 c5 3. e3 g6 4. Nf3 Bg7 5. g3 cxd4 6. exd4 d5 7. Bg2 dxc4 8. Nbd2
O-O 9. Nxc4 Be6 10. Ne3 Nd5 11. O-O Nc6 12. Nxd5 Bxd5 13. Be3 Qb6 14. Ne5 Bxg2
15. Kxg2 Bxe5 16. dxe5 Qxb2 17. Rb1 Qxa2 18. Rxb7 a5 19. Bf4 Qe6 20. Rb6 Rfb8
21. Rxb8+ Rxb8 22. Re1 h5 23. Qf3 Rb3 24. Qe4 Rb4 25. Qf3 a4 26. Rc1 Rc4 27. Rb1
Kg7 28. Qe3 Qd5+ 29. Kh3 Re4 30. Qf3 Nxe5 31. Bxe5+ Qxe5 32. Kg2 h4 33. Rd1 Qe6
34. Qc3+ f6 35. Kg1 h3 36. Rf1 Qd5 37. Qf3 a3 38. g4 a2 39. Qxh3 Ra4 0-1

[Event "TCh-TUR Super League 2015"]
[Site "Kocaeli TUR"]
[Date "2015.08.12"]
[Round "9.7"]
[White "Yurtseven, Ahmet Can"]
[Black "Arig, Busra"]
[Result "0-1"]
[WhiteTitle "FM"]
[WhiteElo "2291"]
[BlackElo "1783"]
[WhiteTeam "Tarsus Zeka Satranc Kulubu"]
[BlackTeam "Ankara Demirspor Kulubu"]
[WhiteFideId "6300081"]
[BlackFideId "6309356"]
[EventDate "2015.08.04"]

1. Nf3 f5 2. g3 Nf6 3. Bg2 g6 4. O-O Bg7 5. c4 d6 6. d3 e5 7. Nc3 O-O 8. Bd2 c6
9. Rb1 Kh8 10. Qc2 Be6 11. c5 Qc7 12. cxd6 Qxd6 13. Na4 Nbd7 14. b3 Rac8 15. Nb2
b5 16. Rbd1 c5 17. e4 f4 18. gxf4 exf4 19. h3 Nh5 20. Bc3 Ne5 21. Kh2 g5 22. Rh1
g4 23. hxg4 Bxg4 24. Bxe5 Bxe5 25. Kg1 Bxf3 26. Bxf3 Qg6+ 27. Kf1 Ng3+ 28. fxg3
fxg3 29. Qg2 Rxf3+ 30. Qxf3 g2+ 31. Ke2 gxh1=Q 32. Qxh1 Qg4+ 33. Kd2 Bxb2 0-1

[Event "TCh-TUR Super League 2015"]
[Site "Kocaeli TUR"]
[Date "2015.08.12"]
[Round "9.7"]
[White "Kaplan, Ebru"]
[Black "Gyokbulut, Julia"]
[Result "1-0"]
[BlackTitle "WFM"]
[WhiteElo "1902"]
[BlackElo "1975"]
[WhiteTeam "Tarsus Zeka Satranc Kulubu"]
[BlackTeam "Ankara Demirspor Kulubu"]
[WhiteFideId "6315194"]
[BlackFideId "4153979"]
[EventDate "2015.08.04"]

1. e4 c5 2. c3 d5 3. exd5 Qxd5 4. d4 e6 5. Nf3 Nf6 6. Be2 Be7 7. O-O Nc6 8. Be3
cxd4 9. cxd4 O-O 10. Nc3 Qd6 11. Qd2 Nd5 12. Nxd5 Qxd5 13. Rfd1 Bf6 14. b4 a6
15. Rac1 Be7 16. a3 Qd8 17. Ne5 Bd7 18. Bf3 Rc8 19. Nxc6 Bxc6 20. Bxc6 bxc6 21.
Rc4 Qd5 22. Rdc1 f5 23. Bg5 Bxg5 24. Qxg5 Rf6 25. Qe3 Rg6 26. g3 h5 27. R1c2 h4
28. Rc5 Qd7 29. Qd3 h3 30. Qxa6 Rd8 31. Rxc6 Qxd4 32. Rc8 Rxc8 33. Rxc8+ Kh7 34.
Qf1 Rh6 35. b5 e5 36. Rc4 Qd8 37. a4 e4 38. Rc5 Qg5 39. a5 Qg4 40. b6 Rd6 41.
Rc1 e3 42. fxe3 Qe4 43. Qxh3+ Rh6 44. Qf1 Qxe3+ 45. Kh1 Rh5 46. b7 Qd2 47. Qg1
Qb2 48. Rb1 Qd2 49. b8=Q Qd5+ 50. Qg2 Qxa5 51. Qb5 1-0

[Event "TCh-TUR Super League 2015"]
[Site "Kocaeli TUR"]
[Date "2015.08.12"]
[Round "9.7"]
[White "Yaver, Faik Emre"]
[Black "Komut, Burak"]
[Result "0-1"]
[WhiteElo "2006"]
[BlackElo "2007"]
[WhiteTeam "Ankara Demirspor Kulubu"]
[BlackTeam "Tarsus Zeka Satranc Kulubu"]
[WhiteFideId "6329969"]
[BlackFideId "6309984"]
[EventDate "2015.08.04"]

1. e4 e5 2. Nf3 Nc6 3. Bc4 Nf6 4. d3 Bc5 5. c3 O-O 6. O-O d6 7. Bb3 Bb6 8. Nbd2
Bg4 9. h3 Be6 10. Nc4 h6 11. Re1 Na5 12. Nxb6 axb6 13. Bc2 c5 14. Nh2 Nc6 15. b3
d5 16. Qf3 d4 17. c4 Nb4 18. Bb1 Kh7 19. a3 Nd7 20. g4 g6 21. Qg3 g5 22. Bb2 Nc6
23. Bc2 Ne7 24. Bc1 Ng6 25. Nf3 Kg7 26. Bd1 Rh8 27. Nh2 f6 28. Nf1 Bf7 29. Qh2
Nf4 30. Bxf4 exf4 31. Be2 Ne5 32. f3 h5 33. Nd2 Be6 34. Qg2 Qd7 35. Kf2 Rh7 36.
Rh1 Rah8 37. Rab1 Ra8 38. Ra1 Rah8 39. Rab1 Ra8 40. Ra1 Qe7 41. Rh2 hxg4 42.
hxg4 Rxh2 43. Qxh2 Rh8 44. Qg2 Qe8 45. Rh1 Rxh1 46. Qxh1 Qa8 47. Nb1 Qa6 48. Qc1
Qa8 49. Qh1 Qe8 50. Kg2 Qd7 51. Nd2 b5 52. Qb1 Qc6 53. Qc2 Qa6 54. Qb2 bxc4 55.
bxc4 b6 56. Qb3 Qa5 57. Qb2 Bd7 58. Kf2 Ba4 59. Nb1 b5 60. cxb5 Bxb5 61. Qb3 Qa6
62. a4 Bxd3 63. Bxd3 Nxd3+ 64. Kg2 Nb4 65. Kf2 Nd3+ 66. Kg2 Ne5 67. Kf2 c4 68.
Qb5 Qxb5 69. axb5 c3 70. Na3 Nc4 71. Nc2 d3 72. Nb4 d2 73. Ke2 Ne3 0-1

[Event "TCh-TUR Super League 2015"]
[Site "Kocaeli TUR"]
[Date "2015.08.12"]
[Round "9.7"]
[White "Sevgi, Volkan"]
[Black "Karaahmetoglu, Ege"]
[Result "1-0"]
[WhiteTitle "FM"]
[WhiteElo "2263"]
[BlackElo "2032"]
[WhiteTeam "Tarsus Zeka Satranc Kulubu"]
[BlackTeam "Ankara Demirspor Kulubu"]
[WhiteFideId "6325335"]
[BlackFideId "6361145"]
[EventDate "2015.08.04"]

1. e4 e5 2. Nc3 Nf6 3. Nf3 Nc6 4. g3 d5 5. exd5 Nxd5 6. Bg2 Nxc3 7. bxc3 Bd6 8.
O-O O-O 9. Re1 Re8 10. d3 Rb8 11. Rb1 Bg4 12. h3 Bh5 13. g4 Bg6 14. Ng5 h6 15.
Ne4 Bf8 16. Ng3 Qd7 17. Qf3 f6 18. Be3 a6 19. Red1 Red8 20. h4 Qf7 21. c4 Nd4
22. Bxd4 Rxd4 23. Ne2 Rdd8 24. Qe3 c6 25. f4 exf4 26. Nxf4 Re8 27. Qf2 Bh7 28.
c5 g5 29. Nh5 f5 30. hxg5 hxg5 31. d4 Rbd8 32. d5 f4 33. dxc6 bxc6 34. Bxc6
Rxd1+ 35. Rxd1 Re5 36. Bd5 Rxd5 37. Rxd5 Be7 38. Qd4 Bg6 39. c6 Bxh5 40. gxh5
Qxh5 41. Rd8+ Bxd8 42. Qxd8+ Kg7 43. Qd7+ Kh6 44. c7 Qf3 45. Qe6+ Kh5 46. c8=Q
Qd1+ 47. Kf2 Qd4+ 48. Ke2 f3+ 49. Kxf3 Qf4+ 50. Ke2 Qh2+ 51. Kd3 Qg3+ 52. Kd2
Qf4+ 53. Qe3 Qd6+ 54. Kc1 1-0

[Event "TCh-TUR Super League 2015"]
[Site "Kocaeli TUR"]
[Date "2015.08.12"]
[Round "9.7"]
[White "Sahin, Hayrun Nisa"]
[Black "Okuyaz, Duru"]
[Result "1-0"]
[BlackTitle "WCM"]
[WhiteElo "1648"]
[BlackElo "1919"]
[WhiteTeam "Ankara Demirspor Kulubu"]
[BlackTeam "Tarsus Zeka Satranc Kulubu"]
[WhiteFideId "6380875"]
[BlackFideId "6346022"]
[EventDate "2015.08.04"]

1. c4 e5 2. Nc3 Nf6 3. g3 d5 4. cxd5 Nxd5 5. Bg2 Nb6 6. Nf3 Nc6 7. O-O Be7 8. a3
O-O 9. b4 Be6 10. d3 Nd4 11. Be3 f6 12. Bxd4 exd4 13. Nb5 c5 14. bxc5 Bxc5 15.
Qc2 Rc8 16. Nxa7 Qd6 17. Nb5 Qd7 18. a4 Bb4 19. Qb2 Bc5 20. Nfxd4 Bd5 21. Bxd5+
Nxd5 22. Rfc1 Kh8 23. Rc4 f5 24. Rac1 b6 25. a5 f4 26. axb6 fxg3 27. hxg3 Ne3
28. Qd2 Nxc4 29. Rxc4 Bxb6 30. Qb4 Qf7 31. Nf3 Ra8 32. Rf4 Qg8 33. e3 Rxf4 34.
Qxf4 Qf8 35. Qxf8+ Rxf8 36. Kg2 Rd8 37. d4 Kg8 38. Ne5 Kf8 39. Kf3 Ba5 40. e4
Be1 41. d5 Ra8 42. d6 Ra2 43. Nd3 Ba5 44. e5 Kf7 45. Ke4 Bb6 46. Kd5 Rd2 47. e6+
Kf6 48. e7 Re2 49. Nc7 Rxe7 50. dxe7 Kxe7 51. Ne6 Kf6 52. Nf8 Bxf2 53. Nxh7+ 1-0

[Event "TCh-TUR Super League 2015"]
[Site "Kocaeli TUR"]
[Date "2015.08.12"]
[Round "10.1"]
[Board "2"]
[White "Severcan, Sedat Sabri"]
[Black "Fedorchuk, Sergey A."]
[Result "0-1"]
[BlackTitle "GM"]
[WhiteElo "1819"]
[BlackElo "2653"]
[WhiteTeam "Ankara Demirspor Kulubu"]
[BlackTeam "Kayseri Seker Sports Club"]
[WhiteFideId "6351395"]
[BlackFideId "14102536"]
[EventDate "2015.08.04"]

1. d4 Nf6 2. Nf3 e6 3. g3 b5 4. Bg2 Bb7 5. O-O c5 6. a4 b4 7. dxc5 Bxc5 8. Nbd2
O-O 9. Nb3 Be7 10. a5 Qc7 11. Nbd4 a6 12. h3 Rc8 13. Nd2 Bxg2 14. Kxg2 Nc6 15.
N2b3 Ne5 16. Kg1 Nc4 17. Qd3 d5 18. c3 bxc3 19. bxc3 Ne4 20. Kg2 Rab8 21. Nd2
Ne5 22. Qc2 Qxc3 23. Qxc3 Nxc3 24. Ba3 Bxa3 25. Rxa3 Nb5 26. Nxb5 Rxb5 27. Rfa1
Kf8 28. Nf3 Nc4 29. Rc3 Rcc5 30. e4 Rxa5 31. Rac1 Rcb5 32. Nd4 Rb6 33. exd5 exd5
34. Rf3 Ra2 35. Re1 Rf6 36. Rxf6 gxf6 37. Nf5 a5 38. Rd1 Rd2 39. Rb1 Ke8 40. Rb7
a4 41. Re7+ Kd8 42. Ra7 a3 43. Ne7 d4 44. Nc6+ Ke8 45. Ra4 Ne3+ 46. Kf3 Nc2 47.
Ke4 Rxf2 48. Nxd4 Nxd4 49. Rxd4 a2 50. Ra4 Kd7 51. Ke3 Rh2 52. h4 Kc6 53. Kd4
Kb5 54. Ra8 Kb4 55. Rb8+ Ka3 56. Ra8+ Kb2 57. Rb8+ Kc1 58. Ra8 Kb1 0-1

[Event "TCh-TUR Super League 2015"]
[Site "Kocaeli TUR"]
[Date "2015.08.12"]
[Round "10.1"]
[Board "3"]
[White "Yilmazyerli, Mert"]
[Black "Arig, Busra"]
[Result "1-0"]
[WhiteTitle "IM"]
[WhiteElo "2450"]
[BlackElo "1783"]
[WhiteTeam "Kayseri Seker Sports Club"]
[BlackTeam "Ankara Demirspor Kulubu"]
[WhiteFideId "6305962"]
[BlackFideId "6309356"]
[EventDate "2015.08.04"]

1. e4 e6 2. d4 b6 3. Nf3 Bb7 4. Bd3 Nf6 5. Qe2 Be7 6. O-O O-O 7. Nbd2 c5 8. c3
d6 9. Re1 Nbd7 10. e5 dxe5 11. dxe5 Nd5 12. Qe4 g6 13. Qg4 Re8 14. Ne4 f5 15.
exf6 Bxf6 16. Nd6 Bc6 17. Nxe8 Qxe8 18. Rxe6 Ne7 19. Bh6 Bd5 20. Rae1 Qf7 21.
Rxe7 Bxe7 22. Qxd7 Rd8 23. Qxe7 Qxe7 24. Rxe7 Bxf3 25. gxf3 Rxd3 26. Rg7+ 1-0

[Event "TCh-TUR Super League 2015"]
[Site "Kocaeli TUR"]
[Date "2015.08.12"]
[Round "10.1"]
[Board "5"]
[White "Atalik, Ekaterina"]
[Black "Gyokbulut, Julia"]
[Result "1/2-1/2"]
[WhiteTitle "IM"]
[BlackTitle "WFM"]
[WhiteElo "2382"]
[BlackElo "1975"]
[WhiteTeam "Kayseri Seker Sports Club"]
[BlackTeam "Ankara Demirspor Kulubu"]
[WhiteFideId "4130189"]
[BlackFideId "4153979"]
[EventDate "2015.08.04"]

1. d4 d5 2. c4 e6 3. Nc3 Nf6 4. cxd5 exd5 5. Bg5 c6 6. e3 Bf5 7. Qf3 Bg6 8. Bxf6
Qxf6 9. Qxf6 gxf6 10. h4 h5 11. O-O-O Nd7 12. Bd3 O-O-O 13. Rh3 Bxd3 14. Rxd3
Rg8 15. g3 Bd6 16. Nf3 Rde8 17. Rh1 Kc7 18. Kd2 b5 19. Rc1 Kb7 20. Ke1 Nb6 21.
Kf1 a5 22. Ne2 a4 23. Rdc3 Rc8 24. Ne1 Nc4 25. Nd3 Kb6 26. Kg2 b4 27. R3c2 Kb5
28. Nef4 Rh8 29. b3 axb3 30. axb3 Na3 31. Rc5+ Bxc5 32. Rxc5+ Kb6 33. Nxb4 Nb1
34. Rc2 Na3 35. Rc1 Nb5 36. Nbd3 Nd6 37. Nc5 Rc7 38. Ra1 Ra7 39. Rxa7 Kxa7 40.
Nd7 Rh6 41. f3 Ka6 42. Nc5+ Kb5 43. e4 dxe4 44. fxe4 Kb4 45. Kf3 Nb5 46. Ke3 Rh8
47. Ncd3+ Kxb3 48. d5 cxd5 49. Nxd5 Rg8 50. Kf2 Rg6 51. N3f4 Rh6 52. Ne7 Nd6 53.
Ng8 Nxe4+ 54. Ke3 Rh8 55. Kxe4 Rxg8 56. Nxh5 Kc4 57. Kf5 Rg6 58. g4 Rh6 59. Nxf6
Rxh4 60. Ne4 1/2-1/2

[Event "TCh-TUR Super League 2015"]
[Site "Kocaeli TUR"]
[Date "2015.08.12"]
[Round "10.1"]
[Board "6"]
[White "Yuksel, Atilla Koksal"]
[Black "Yurtseven, Melih"]
[Result "1-0"]
[WhiteTitle "CM"]
[BlackTitle "FM"]
[WhiteElo "2103"]
[BlackElo "2299"]
[WhiteTeam "Ankara Demirspor Kulubu"]
[BlackTeam "Kayseri Seker Sports Club"]
[WhiteFideId "6306667"]
[BlackFideId "6312160"]
[EventDate "2015.08.04"]

1. e4 g6 2. d4 Bg7 3. Nc3 d6 4. h3 Nc6 5. Nf3 e5 6. Bg5 Qd7 7. Bb5 exd4 8. Nd5
h6 9. Bh4 g5 10. Bg3 Nge7 11. O-O O-O 12. Re1 a6 13. Ba4 b5 14. Bb3 Bb7 15. Qd2
Ng6 16. h4 g4 17. h5 Nge7 18. Nh4 Ne5 19. Bxe5 dxe5 20. Nxe7+ Qxe7 21. Ng6 Qf6
22. Nxf8 Rxf8 23. a4 c5 24. axb5 axb5 25. Ra7 Bc6 26. c4 dxc3 27. Qxc3 c4 28.
Bd1 Qg5 29. b3 Qxh5 30. bxc4 bxc4 31. Qxc4 Be8 32. Qc8 Qg6 33. Bxg4 Bc6 34. Qf5
Qd6 35. Bh5 Be8 36. Re3 Qf6 37. Rf3 Qxf5 38. Rxf5 f6 39. Bxe8 Rxe8 40. Rf3 Rf8
41. Rg3 Rf7 42. Rxf7 Kxf7 43. Rb3 h5 44. Kh2 Bh6 45. Kh3 Kg6 46. g3 Bg5 47. Rf3
Bh6 48. Rf5 Bc1 49. f4 exf4 50. gxf4 Bd2 51. Kg3 Be1+ 52. Kf3 Bc3 53. Rc5 Bd4
54. Rc4 Bg1 55. Rc6 Kg7 56. Rd6 Kf7 57. e5 fxe5 58. fxe5 Bh2 59. Ke4 h4 60. Kf5
Bg3 61. Rd7+ Ke8 62. Rh7 Kd8 63. e6 Bd6 64. Rd7+ 1-0

[Event "TCh-TUR Super League 2015"]
[Site "Kocaeli TUR"]
[Date "2015.08.12"]
[Round "10.1"]
[Board "7"]
[White "Ozen, Deniz"]
[Black "Yaver, Faik Emre"]
[Result "1-0"]
[WhiteTitle "FM"]
[WhiteElo "2066"]
[BlackElo "2006"]
[WhiteTeam "Kayseri Seker Sports Club"]
[BlackTeam "Ankara Demirspor Kulubu"]
[WhiteFideId "6349196"]
[BlackFideId "6329969"]
[EventDate "2015.08.04"]

1. e4 e5 2. Nf3 Nc6 3. Bb5 a6 4. Ba4 Nf6 5. d3 d6 6. c3 Be7 7. O-O O-O 8. Nbd2
b5 9. Bb3 h6 10. Re1 Re8 11. Nf1 Bf8 12. Ng3 Be6 13. Bxe6 Rxe6 14. d4 Re8 15. h3
Qd7 16. a3 Rad8 17. Qc2 g6 18. Be3 Bg7 19. Rad1 Qc8 20. b4 Nd7 21. d5 Ne7 22. c4
Nb6 23. Nd2 Qb7 24. c5 Na4 25. Nb3 Rf8 26. Na5 Qc8 27. f3 f5 28. Bf2 f4 29. Ne2
g5 30. Nc3 Nxc3 31. Qxc3 Qd7 32. Rc1 Rc8 33. Red1 h5 34. Nc6 Ng6 35. Na7 Rcd8
36. cxd6 cxd6 37. Qc6 Qe7 38. Bb6 Ra8 39. Qc7 Rf7 40. Qxe7 Rxe7 41. Nc6 Rb7 42.
Bf2 Kf7 43. Rc3 Bf6 44. Rdc1 Ne7 45. Na5 Rbb8 1-0

[Event "TCh-TUR Super League 2015"]
[Site "Kocaeli TUR"]
[Date "2015.08.12"]
[Round "10.1"]
[Board "8"]
[White "Sahin, Hayrun Nisa"]
[Black "Aksoy, Ayca"]
[Result "0-1"]
[WhiteElo "1648"]
[BlackElo "1758"]
[WhiteTeam "Ankara Demirspor Kulubu"]
[BlackTeam "Kayseri Seker Sports Club"]
[WhiteFideId "6380875"]
[BlackFideId "6355978"]
[EventDate "2015.08.04"]

1. c4 Nf6 2. Nc3 g6 3. g3 Bg7 4. Bg2 O-O 5. e3 d6 6. Nge2 Nbd7 7. b3 e5 8. d4
Re8 9. O-O c6 10. Ba3 exd4 11. Qxd4 Ne4 12. Qd3 Ndc5 13. Bxc5 Nxc5 14. Qd2 Bg4
15. f3 Be6 16. Rad1 Qb6 17. Kh1 Rad8 18. e4 a5 19. Rb1 f5 20. Rfd1 Qb4 21. Nd4
fxe4 22. Nxe4 Nxe4 23. fxe4 Bg4 24. Qxb4 axb4 25. Rd3 Be5 26. h3 Bd7 27. Kh2 c5
28. Nf3 Bc6 29. Nxe5 dxe5 30. Rxd8 Rxd8 31. Rb2 Rd3 32. Re2 Kf7 33. Bh1 Ke6 34.
Bg2 b5 35. cxb5 Bxb5 36. Rc2 Rc3 37. Rd2 Bd3 38. h4 Ke7 39. Kh3 Bb1 40. Kg4 Rc2
41. Rxc2 Bxc2 42. Kf3 Bb1 43. Kg4 Bc2 44. Kf3 Bb1 45. Bf1 Bxa2 46. Bc4 Bb1 47.
g4 h6 48. g5 hxg5 49. hxg5 Bc2 50. Ke3 Bd1 51. Kd2 Bg4 52. Kc2 Bh3 53. Bd3 Be6
54. Kb2 Kd6 55. Kc2 Kc6 56. Kb2 Bf7 57. Kc2 Kb6 58. Kb2 Be8 59. Bc4 Bc6 60. Bd3
Bb7 61. Kc1 Ba6 62. Bc2 c4 63. Kd2 Kc5 64. Ke3 Bb7 65. Bd1 Bc6 66. Bc2 Be8 67.
Bd1 Bf7 68. bxc4 Kxc4 69. Bc2 b3 70. Bxb3+ Kxb3 71. Kd3 Bc4+ 72. Ke3 Kc3 73. Kf2
Kd4 74. Kf3 Bd3 75. Kf2 Kxe4 76. Ke1 Kd4 0-1

[Event "TCh-TUR Super League 2015"]
[Site "Kocaeli TUR"]
[Date "2015.08.12"]
[Round "10.2"]
[Board "1"]
[White "Safarli, Eltaj"]
[Black "Kuzubov, Yuriy"]
[Result "1-0"]
[WhiteTitle "GM"]
[BlackTitle "GM"]
[WhiteElo "2644"]
[BlackElo "2638"]
[WhiteTeam "Besiktas Jimnastik Kulubu"]
[BlackTeam "Tarsus Zeka Satranc Kulubu"]
[WhiteFideId "13402129"]
[BlackFideId "14112906"]
[EventDate "2015.08.04"]

1. e4 c6 2. d4 d5 3. e5 c5 4. dxc5 Nc6 5. Bg5 f6 6. exf6 Nxf6 7. Nf3 e5 8. Nc3
d4 9. Ne4 Be7 10. Bxf6 gxf6 11. Nfd2 O-O 12. g4 Kh8 13. a3 f5 14. gxf5 Bxf5 15.
Bd3 Bh4 16. Qe2 Ne7 17. O-O-O Ng6 18. Ng3 Bxd3 19. cxd3 Qd5 20. Kb1 Qxc5 21.
Rhg1 Rac8 22. Rc1 Qb5 23. Rxc8 Rxc8 24. Nf5 Rf8 25. Rxg6 Rxf5 26. Rg1 Rg5 27.
Rc1 Rg8 28. Nf3 Bf6 29. Qe4 Qd7 30. Nxe5 Qg7 31. f4 Rd8 32. Qf5 Qe7 33. Rc7 Qxc7
34. Qxf6+ Kg8 35. Ng4 h5 36. Nh6+ Kh7 37. Nf7 Rd7 38. Ng5+ Kg8 39. Qg6+ 1-0

[Event "TCh-TUR Super League 2015"]
[Site "Kocaeli TUR"]
[Date "2015.08.12"]
[Round "10.2"]
[Board "2"]
[White "Mchedlishvili, Mikheil"]
[Black "Solak, Dragan"]
[Result "1/2-1/2"]
[WhiteTitle "GM"]
[BlackTitle "GM"]
[WhiteElo "2605"]
[BlackElo "2622"]
[WhiteTeam "Tarsus Zeka Satranc Kulubu"]
[BlackTeam "Besiktas Jimnastik Kulubu"]
[WhiteFideId "13600966"]
[BlackFideId "916811"]
[EventDate "2015.08.04"]

1. d4 d5 2. c4 c6 3. Nc3 Nf6 4. e3 a6 5. Qc2 e6 6. Nf3 c5 7. cxd5 exd5 8. Be2
Nc6 9. Ne5 cxd4 10. Nxc6 bxc6 11. exd4 Bd6 12. Bg5 O-O 13. O-O Re8 14. Rfe1 h6
15. Bh4 Rb8 16. Rad1 a5 17. b3 Rb4 18. Bg3 Bxg3 19. hxg3 Bd7 20. Na4 Ne4 21. Bf3
Ng5 22. Rxe8+ Qxe8 23. Qc3 Ne6 24. Qe3 1/2-1/2

[Event "TCh-TUR Super League 2015"]
[Site "Kocaeli TUR"]
[Date "2015.08.12"]
[Round "10.2"]
[Board "3"]
[White "Mamedov, Rauf"]
[Black "Yurtseven, Ahmet Can"]
[Result "1-0"]
[WhiteTitle "GM"]
[BlackTitle "FM"]
[WhiteElo "2651"]
[BlackElo "2291"]
[WhiteTeam "Besiktas Jimnastik Kulubu"]
[BlackTeam "Tarsus Zeka Satranc Kulubu"]
[WhiteFideId "13401653"]
[BlackFideId "6300081"]
[EventDate "2015.08.04"]

1. c4 c6 2. Nf3 Nf6 3. d4 d5 4. g3 g6 5. Bg2 Bg7 6. O-O O-O 7. b3 Bf5 8. Bb2
Nbd7 9. cxd5 cxd5 10. Nc3 Rc8 11. Nh4 Nb8 12. Nxf5 gxf5 13. e3 Nc6 14. Rc1 e6
15. Na4 Qe7 16. Qe2 Rfd8 17. Nc5 Ne4 18. Nd3 Qc7 19. g4 fxg4 20. Qxg4 f5 21. Qe2
Qe7 22. f3 Nf6 23. Kh1 Nh5 24. f4 Nf6 25. Bf3 Ne4 26. Rg1 Kh8 27. Nc5 Nd6 28.
Ba3 Qf7 29. Rg2 Bf6 30. Bh5 Qe7 31. Nd3 Qd7 32. Nc5 Qe7 33. Rcg1 b6 34. Nd3 Qb7
35. Bxd6 Rxd6 36. Qf2 Rdd8 37. Qg3 Qe7 38. b4 a6 39. a3 Bh4 40. Qg7+ Qxg7 41.
Rxg7 Bf6 42. Rb7 Rb8 43. Rxb8 Rxb8 44. Bf7 Ne7 45. Bxe6 Rb7 46. Rc1 Kg7 47. Kg2
Kf8 48. Kf3 Ke8 49. Ne5 Ra7 50. Nf7 1-0

[Event "TCh-TUR Super League 2015"]
[Site "Kocaeli TUR"]
[Date "2015.08.12"]
[Round "10.2"]
[Board "4"]
[White "Keler, Faruk"]
[Black "Apaydin, Fethi"]
[Result "0-1"]
[BlackTitle "FM"]
[WhiteElo "2286"]
[BlackElo "2253"]
[WhiteTeam "Tarsus Zeka Satranc Kulubu"]
[BlackTeam "Besiktas Jimnastik Kulubu"]
[WhiteFideId "6302734"]
[BlackFideId "6302521"]
[EventDate "2015.08.04"]

1. e4 c5 2. Nf3 d6 3. d4 cxd4 4. Nxd4 Nf6 5. Nc3 g6 6. g3 Nc6 7. h3 Nxd4 8. Qxd4
Bg7 9. Be3 O-O 10. Qd2 Qa5 11. Bg2 Be6 12. O-O Rfc8 13. Bd4 Rc4 14. Be3 Nd7 15.
Rab1 Nb6 16. Bg5 Bxc3 17. bxc3 f6 18. Be3 Qxc3 19. Qxc3 Rxc3 20. Bxb6 axb6 21.
Rxb6 Rxa2 22. Rxb7 Kf7 23. Rc1 Rcxc2 24. Rxc2 Rxc2 25. g4 g5 26. Rb8 Rc8 27. Rb2
h5 28. gxh5 Rh8 29. Kh2 Rxh5 30. Kg3 Rh8 31. Rc2 Ra8 32. Rc3 Rb8 33. Bf1 Rh8 34.
Bg2 Rh4 35. Ra3 Kf8 36. Ra8+ Kf7 37. Ra5 Rh8 38. Ra3 Bd7 39. Bf1 Be6 40. Rc3 Rb8
41. Bc4 Rh8 42. Bxe6+ Kxe6 43. Rc7 Rh7 44. Ra7 Rh8 45. Ra5 Rc8 46. f3 Rc1 47.
Kg2 Rc5 48. Ra7 f5 49. exf5+ Rxf5 50. Ra8 d5 51. Rh8 d4 52. Kf2 Re5 53. Rd8 Rd5
54. Rg8 Ra5 55. Ke2 Kf5 56. Rf8+ Ke5 57. Kd2 Ra2+ 58. Kd3 Ra3+ 59. Kd2 Re3 60.
Rf7 Kd6 61. Rf8 Kd7 62. Rf5 e6 63. Rxg5 Rxf3 64. h4 Kd6 65. Ra5 Rh3 66. h5 Ke7
67. Ra4 e5 68. Ra6 Rxh5 69. Kd3 Rh3+ 70. Kc4 Re3 71. Kd5 d3 72. Re6+ Kf7 73. Rd6
e4 74. Ke5 Re2 75. Kf5 d2 76. Rd7+ Ke8 0-1